Triple Bond Images - TV Edition Quiz Stats

Quiz Updated Jul 13, 2016

Also try: Finish the TV Show
Challenge
Share
Tweet
Score 0/12 Timer 04:00
0 Plays Today
% Correct
Star Trek
96%
The Walking Dead
91.2%
Breaking Bad
88.2%
Friends
83.2%
Gilligan's Island
78.6%
Grey's Anatomy
74%
Full House
72.4%
The Big Bang Theory
72%
Cheers
60%
I Love Lucy
57.7%
Gilmore Girls
57.1%
How I Met Your Mother
50.1%

You're not logged in!

Compare scores with friends on all Sporcle quizzes.
Sign Up with Email
OR
Log In

You Might Also Like...

Show Comments

Extras

Top Quizzes Today


Score Distribution

Your Account Isn't Verified!

In order to create a playlist on Sporcle, you need to verify the email address you used during registration. Go to your Sporcle Settings to finish the process.